[Event "Vellmarer Schachtage 5th op  A"]
[Site "Vellmar"]
[Date "2013.07.27"]
[Round "4.13"]
[White "Jellema, Yme Jan"]
[Black "Krausse, Eckhard"]
[Result "1-0"]
[WhiteElo "2217"]
[BlackElo "1999"]
[PlyCount "57"]
[EventDate "2013.07.25"]
[EventType "swiss"]
[EventRounds "7"]
[EventCountry "GER"]

{DWZ --- DWZ 1942} 1. Nf3 c5 2. g3 Nc6 3. Bg2 e5 4. O-O d5 5. c4 Nf6 6. b3 Be7
7. cxd5 Nxd5 8. Bb2 Bf6 9. Na3 O-O 10. Rc1 b6 11. h4 Re8 12. Ng5 Ba6 13. Ne4
Rc8 14. Nc4 Bxc4 15. bxc4 Nde7 16. Nxf6+ gxf6 17. f4 exf4 18. h5 f3 19. Rxf3
Nd4 20. Rf4 Ng6 21. hxg6 Nxe2+ 22. Kh2 Nxf4 23. gxh7+ Kxh7 24. gxf4 Rg8 25.
Qh5+ Kg7 26. Qg5+ Kf8 27. Qh6+ Ke8 28. Re1+ Kd7 29. Bxf6 1-0

[Event "Vellmarer Schachtage 5th op  A"]
[Site "Vellmar"]
[Date "2013.07.27"]
[Round "4.14"]
[White "Braun, Ingram"]
[Black "Neumark, Thomas"]
[Result "1/2-1/2"]
[WhiteElo "2009"]
[BlackElo "2259"]
[PlyCount "113"]
[EventDate "2013.07.25"]
[EventType "swiss"]
[EventRounds "7"]
[EventCountry "GER"]

{DWZ 1992 DWZ 2129} 1. e4 e5 2. Nc3 Nf6 3. g3 d5 4. exd5 Bg4 5. Be2 h5 6. h3
Bf5 7. Nf3 Nxd5 8. Nxe5 Nb4 9. d3 N8c6 10. Nxc6 Nxc6 11. Be3 Qd7 12. h4 Nd4 13.
Bxd4 Qxd4 14. Qd2 O-O-O 15. Qe3 Bc5 16. Qxd4 Bxd4 17. O-O Rdg8 18. Nd5 Re8 19.
Bf3 c6 20. Nc3 Kc7 21. Rfe1 Re6 22. Rxe6 fxe6 23. Re1 Rf8 24. Ne4 Bxb2 25. Bxh5
Bd4 26. Re2 Bxe4 27. dxe4 e5 28. Kg2 c5 29. c4 a6 30. a4 b5 31. axb5 axb5 32.
cxb5 c4 33. Rc2 c3 34. Bd1 Kb6 35. f3 Kxb5 36. Ra2 Kc4 37. Bc2 Rb8 38. Kf1 Be3
39. Ke2 Bc1 40. Ra4+ Kb5 41. Ra1 Bb2 42. Rd1 Kc6 43. Rd5 Ra8 44. Rxe5 Ra1 45.
Rd5 Rg1 46. Ba4+ Kb6 47. g4 Rg2+ 48. Kd1 Rf2 49. e5 Rxf3 50. Ke2 Rf4 51. Bc2
Ba3 52. Bf5 Rxf5 53. gxf5 c2 54. Rd1 cxd1=Q+ 55. Kxd1 Kc6 56. h5 Bf8 57. f6
1/2-1/2

[Event "Vellmarer Schachtage 5th op  A"]
[Site "Vellmar"]
[Date "2013.07.27"]
[Round "4.15"]
[White "Ulrich, Thomas"]
[Black "Balje, Jan"]
[Result "1/2-1/2"]
[WhiteElo "2005"]
[BlackElo "2189"]
[PlyCount "106"]
[EventDate "2013.07.25"]
[EventType "swiss"]
[EventRounds "7"]
[EventCountry "GER"]

1. e4 c6 2. d4 d5 3. e5 Bf5 4. Nf3 e6 5. Be2 Nd7 6. O-O Bg6 7. c3 Nh6 8. a4 Nf5
9. Nbd2 Be7 10. g4 Nh4 11. Nxh4 Bxh4 12. f4 f5 13. exf6 Bxf6 14. Nf3 O-O 15.
Bd3 Bf7 16. g5 Be7 17. Qc2 g6 18. b4 b6 19. Nh4 Kg7 20. Bd2 Qc7 21. Rae1 Bd6
22. Ng2 c5 23. Qd1 Rh8 24. h4 Rhe8 25. Qg4 Bf8 26. Qh3 Kg8 27. Kh1 Bg7 28. Rc1
Qd6 29. Qe3 Rac8 30. h5 gxh5 31. Nh4 cxb4 32. cxb4 Rxc1 33. Rxc1 Nf8 34. Bb1
Qd7 35. b5 Ng6 36. Nf3 Rc8 37. Rxc8+ Qxc8 38. Bd3 Qc7 39. Bxg6 hxg6 40. Qd3 Kh7
41. Kg2 Bf8 42. Ne5 Kg7 43. Qb3 Be8 44. Bb4 Bf7 $11 45. Kg3 Be8 46. Qa3 Bxb4
47. Qxb4 Bf7 48. Kf3 $11 Qc2 49. Qe7 Qe4+ 50. Kg3 h4+ 51. Kxh4 Qxf4+ 52. Kh3
Qe3+ 53. Kg2 Qe2+ 1/2-1/2

[Event "Vellmarer Schachtage 5th op  A"]
[Site "Vellmar"]
[Date "2013.07.27"]
[Round "4.16"]
[White "Kobs, Stephan"]
[Black "Klauke, Stefan"]
[Result "1/2-1/2"]
[WhiteElo "1986"]
[BlackElo "2125"]
[PlyCount "83"]
[EventDate "2013.07.25"]
[EventType "swiss"]
[EventRounds "7"]
[EventCountry "GER"]

{DWZ 1873 DWZ 2081} 1. e4 c5 2. Nf3 Nf6 3. e5 Nd5 4. b3 Nc6 5. Bb2 e6 6. g3 Be7
7. Bg2 O-O 8. O-O f6 9. c4 Ndb4 10. d4 cxd4 11. a3 Na6 12. exf6 Bxf6 13. b4 Qb6
14. Nbd2 Nc5 15. Rb1 Nd3 16. Ba1 Nce5 17. Nxe5 Nxe5 18. Ne4 Nxc4 19. Nxf6+ gxf6
20. Bxd4 Qc7 21. Bc5 d5 22. Bxf8 Kxf8 23. Rc1 Bd7 24. Bxd5 exd5 25. Qxd5 Rc8
26. Rxc4 Qxc4 27. Qxd7 Rc7 28. Qd8+ Kg7 29. Re1 Rf7 30. Qe8 Qg4 31. h4 Qf3 32.
Re4 Qd1+ 33. Kh2 Qf3 34. Rf4 Qd1 35. h5 Qxh5+ 36. Rh4 Qf5 37. Qe2 Kf8 38. Qd2
Rd7 39. Qh6+ Kg8 40. Rf4 Qg6 41. Qxg6+ hxg6 42. Rxf6 1/2-1/2

[Event "Vellmarer Schachtage 5th op  A"]
[Site "Vellmar"]
[Date "2013.07.27"]
[Round "4.17"]
[White "Heckmann, Torsten"]
[Black "Schmidt, Alexander"]
[Result "0-1"]
[WhiteElo "1947"]
[BlackElo "2120"]
[PlyCount "87"]
[EventDate "2013.07.25"]
[EventType "swiss"]
[EventRounds "7"]
[EventCountry "GER"]

{DWZ 1721 DWZ 2080} 1. e4 c5 2. Nf3 d6 3. d4 cxd4 4. Nxd4 Nf6 5. Nc3 a6 6. Bg5
Bd7 7. Be2 Nc6 8. O-O e6 9. Qd2 Qc7 10. Kh1 Be7 11. f4 h6 12. Bxf6 Bxf6 13. Nf3
b5 14. e5 dxe5 15. Ne4 exf4 16. Nd6+ Ke7 17. Rad1 g5 18. c4 b4 19. Rfe1 e5 20.
Qd5 Be8 21. Qc5 Kf8 22. Nxe8+ Kxe8 23. Rd6 Be7 24. Qxc6+ Qxc6 25. Rxc6 e4 26.
Ne5 h5 27. Rd1 Rh7 28. c5 a5 29. Bb5 Kf8 30. Bc4 g4 31. Rc7 e3 32. Rdd7 Re8 33.
Be2 Rg7 34. b3 Rg5 35. Nd3 Rf5 36. h3 f3 37. gxf3 gxf3 38. Bxf3 Rxf3 39. Kg2
Rf5 40. Rd4 Bf6 41. Rf4 Rxf4 42. Nxf4 e2 43. Nxe2 Rxe2+ 44. Kf3 0-1

[Event "Vellmarer Schachtage 5th op  A"]
[Site "Vellmar"]
[Date "2013.07.27"]
[Round "4.18"]
[White "Humburg, Philipp"]
[Black "Weber, Andreas"]
[Result "1-0"]
[WhiteElo "2054"]
[BlackElo "1863"]
[PlyCount "73"]
[EventDate "2013.07.25"]
[EventType "swiss"]
[EventRounds "7"]
[EventCountry "GER"]

{DWZ 2071 DWZ 1741} 1. e4 e5 2. Nf3 f5 3. Nxe5 Qf6 4. Nc4 fxe4 5. Nc3 Qf7 6.
Ne3 c6 7. Nxe4 d5 8. Ng5 Qf6 9. Nh3 Bc5 10. c3 Ne7 11. d4 Bd6 12. Qh5+ Ng6 13.
Ng5 Rf8 14. Nxh7 Qxf2+ 15. Kd1 Qf7 16. Nxf8 Kxf8 17. Bd3 Nf4 18. Qxf7+ Kxf7 19.
Rf1 Kg8 20. Bc2 Na6 21. g3 Nh5 22. Nf5 Bf8 23. Bg5 Nf6 24. Nh6+ gxh6 25. Bxf6
Bg4+ 26. Kd2 h5 27. Bf5 Bh6+ 28. Kd3 c5 29. Bxg4 hxg4 30. Rae1 cxd4 31. Bxd4 b6
32. Re6 Bf8 33. Rg6+ Kh7 34. Rxg4 Nc5+ 35. Bxc5 bxc5 36. Rf7+ Kh6 37. Rg8 1-0

[Event "Vellmarer Schachtage 5th op  A"]
[Site "Vellmar"]
[Date "2013.07.27"]
[Round "4.19"]
[White "Engel, Luis"]
[Black "Keil, Roland"]
[Result "1-0"]
[WhiteElo "1765"]
[BlackElo "2062"]
[PlyCount "81"]
[EventDate "2013.07.25"]
[EventType "swiss"]
[EventRounds "7"]
[EventCountry "GER"]

{DWZ 1791 DWZ 1952} 1. e4 e5 2. Nf3 Nc6 3. Bc4 Bc5 4. c3 Nf6 5. d3 h6 6. O-O d6
7. Be3 Bb6 8. h3 O-O 9. Re1 Be6 10. Bb3 Re8 11. Nbd2 Bxb3 12. Qxb3 d5 13. Bxb6
axb6 14. Rad1 Qd7 15. Nf1 d4 16. Ng3 g6 17. a3 Qd6 18. c4 Nd7 19. Qc2 Kg7 20.
Qd2 Ra5 21. Ra1 Rea8 22. Reb1 b5 23. cxb5 Rxb5 24. b4 Nb6 25. Qc2 Na4 26. Ne2
Nd8 27. Nd2 Ne6 28. Nc4 Qd7 29. Na5 c5 30. Nc4 Qc7 31. Rb3 Nc3 32. Rxc3 dxc3
33. Nxc3 Rxb4 34. Nd5 Rxc4 35. dxc4 Qa5 36. Qb2 Nd4 37. Qxb7 Nc2 38. Qe7 Nxa1
39. Qf6+ Kh7 40. Qxf7+ Kh8 41. Ne7 1-0

[Event "Vellmarer Schachtage 5th op  A"]
[Site "Vellmar"]
[Date "2013.07.27"]
[Round "4.20"]
[White "Knoth, Eugen"]
[Black "Rehbein, Ullrich"]
[Result "1/2-1/2"]
[WhiteElo "1993"]
[BlackElo "1822"]
[PlyCount "27"]
[EventDate "2013.07.25"]
[EventType "swiss"]
[EventRounds "7"]
[EventCountry "GER"]

{DWZ 1841 DWZ 1654} 1. d4 Nf6 2. Bg5 c5 3. Bxf6 exf6 4. d5 d6 5. e3 g6 6. Nf3
Bg7 7. Bc4 Nd7 8. Nc3 O-O 9. Be2 f5 10. Rc1 Nf6 11. O-O Re8 12. Nd2 Ne4 13. Bd3
Nxc3 14. bxc3 1/2-1/2

[Event "Vellmarer Schachtage 5th op  A"]
[Site "Vellmar"]
[Date "2013.07.27"]
[Round "4.21"]
[White "Wesslen, Ulf"]
[Black "Schaefer, Annabelle"]
[Result "1-0"]
[WhiteElo "2050"]
[BlackElo "1930"]
[PlyCount "63"]
[EventDate "2013.07.25"]
[EventType "swiss"]
[EventRounds "7"]
[EventCountry "GER"]

{DWZ --- DWZ 1842} 1. e4 e5 2. Nf3 Nc6 3. Bb5 a6 4. Ba4 Nf6 5. O-O Nxe4 6. Re1
Nc5 7. Bxc6 dxc6 8. Nxe5 Be7 9. d4 Ne6 10. Be3 O-O 11. c3 Bd6 12. f4 f6 13. Nd3
Re8 14. Nd2 b6 15. Ne4 Nf8 16. Ng3 Ng6 17. Qf3 Ne7 18. Bd2 Bb7 19. c4 Rb8 20.
Bc3 c5 21. d5 c6 22. Qg4 Ng6 23. h4 Bc8 24. Re6 Bxe6 25. dxe6 Bxf4 26. Nxf4
Nxf4 27. Rd1 Qc8 28. Qxf4 Qxe6 29. Nf5 Rbd8 30. Rf1 Rd3 31. Qg4 Qe7 32. Bxf6
1-0

[Event "Vellmarer Schachtage 5th op  A"]
[Site "Vellmar"]
[Date "2013.07.27"]
[Round "4.22"]
[White "Weber, Hubert"]
[Black "Kies, Wolfgang"]
[Result "1/2-1/2"]
[WhiteElo "1999"]
[BlackElo "1916"]
[PlyCount "87"]
[EventDate "2013.07.25"]
[EventType "swiss"]
[EventRounds "7"]
[EventCountry "GER"]

{DWZ 1927 DWZ 1811} 1. e4 c6 2. d4 d5 3. Nc3 dxe4 4. Nxe4 Bf5 5. Ng3 Bg6 6. h4
h6 7. Nf3 Nd7 8. h5 Bh7 9. Bd3 Bxd3 10. Qxd3 e6 11. Bd2 Ngf6 12. O-O-O Be7 13.
Kb1 Qc7 14. Ne4 Nxe4 15. Qxe4 Nf6 16. Qe2 Rd8 17. c3 O-O 18. Ne5 c5 19. dxc5
Bxc5 20. f4 Nd7 21. g4 Nxe5 22. fxe5 Rd5 23. Rde1 Rfd8 24. Bc1 Be7 25. Rhf1
R8d7 26. Rf3 $11 Bh4 27. Ref1 Rxe5 28. Qh2 Bg5 29. Qf2 Bxc1 30. Kxc1 b6 31. Rf4
Red5 32. Qf3 b5 33. Qe2 e5 34. Rf5 f6 35. g5 hxg5 36. h6 R7d6 37. Qh5 Qd7 38.
Qg6 Rd1+ 39. Rxd1 Rxd1+ 40. Kc2 Rd2+ 41. Kc1 Rh2 42. h7+ Rxh7 43. Rf2 Rh1+ 44.
Kc2 1/2-1/2

[Event "Vellmarer Schachtage 5th op  A"]
[Site "Vellmar"]
[Date "2013.07.27"]
[Round "4.23"]
[White "Rafiee, Kayvan"]
[Black "Lammers, Frank"]
[Result "0-1"]
[WhiteElo "1942"]
[BlackElo "1998"]
[PlyCount "50"]
[EventDate "2013.07.25"]
[EventType "swiss"]
[EventRounds "7"]
[EventCountry "GER"]

{DWZ 1801 DWZ 1917} 1. d4 Nf6 2. c4 c5 3. d5 b5 4. Qc2 bxc4 5. e4 g6 6. Bxc4 d6
7. Bb5+ Bd7 8. Bxd7+ Nbxd7 9. Nf3 Bg7 10. Bd2 Qb6 11. Bc3 Qa6 12. g4 O-O 13. g5
Ng4 14. Bxg7 Kxg7 15. Qc3+ Kg8 16. Na3 Nge5 17. Nxe5 Nxe5 18. Kd2 f5 19. f4
fxe4 20. fxe5 Rf2+ 21. Kd1 Qe2+ 22. Kc1 Raf8 23. Rd1 Rf1 24. Qd2 Rxd1+ 25. Qxd1
Rf1 0-1

[Event "Vellmarer Schachtage 5th op  A"]
[Site "Vellmar"]
[Date "2013.07.27"]
[Round "4.26"]
[White "Diener, Carolin Valeria"]
[Black "Hilgert, Viktor"]
[Result "0-1"]
[WhiteElo "1700"]
[BlackElo "1951"]
[PlyCount "62"]
[EventDate "2013.07.25"]
[EventType "swiss"]
[EventRounds "7"]
[EventCountry "GER"]

{DWZ 1623 DWZ 1647} 1. e4 c5 2. Nc3 Nc6 3. Bb5 a6 4. Bxc6 dxc6 5. f4 Nf6 6. d3
Bg4 7. Nf3 e6 8. O-O Be7 9. Qe1 Bxf3 10. Rxf3 O-O 11. Rh3 Ne8 12. Qg3 f5 13.
Qf3 g6 14. Be3 Nf6 15. Bd2 Rf7 16. Kh1 c4 17. exf5 exf5 18. Be1 cxd3 19. Qxd3
Qc7 20. Rf3 Rd8 21. Qe2 Bb4 22. Qc4 Bxc3 23. Bxc3 Ne4 24. Be5 Qd7 25. Qe2 Qd2
26. Re3 Qxe2 27. Rxe2 Rd5 28. g4 Rfd7 29. h3 Rd1+ 30. Rxd1 Rxd1+ 31. Kg2 {
Notation unklar} h5 0-1

[Event "Vellmarer Schachtage 5th op  A"]
[Site "Vellmar"]
[Date "2013.07.27"]
[Round "4.27"]
[White "Mueller, Joachim"]
[Black "Stoll, Katja"]
[Result "0-1"]
[WhiteElo "1950"]
[BlackElo "1763"]
[PlyCount "95"]
[EventDate "2013.07.25"]
[EventType "swiss"]
[EventRounds "7"]
[EventCountry "GER"]

{DWZ 1689 DWZ 1700} 1. d4 d5 2. c4 c6 3. e3 Nf6 4. Nc3 e6 5. Nf3 Nbd7 6. Bd3
dxc4 7. Bxc4 b5 8. Bb3 a6 9. O-O Bb7 10. Re1 c5 11. d5 exd5 12. Nxd5 c4 13.
Nxf6+ Nxf6 14. Bc2 Bb4 15. Rf1 Qc7 16. h3 O-O 17. Qe2 Rfe8 18. a3 Ba5 19. b4
Bb6 20. Bb2 Nd5 21. Bxh7+ Kxh7 22. Ng5+ Kg6 23. Qc2+ Kxg5 24. h4+ Kh6 25. Qf5
c3 26. Bc1 g6 27. e4+ Kg7 28. Qg5 Rh8 29. exd5 f6 30. Qg4 Bxd5 31. Bf4 Qb7 32.
Rac1 Rac8 33. Rfe1 Rc4 34. Qg3 Bxg2 35. Bd6 Bf3 36. Re7+ Qxe7 37. Bxe7 Rg4 38.
Qxg4 Bxg4 39. Rxc3 Rxh4 40. Kg2 Bd7 41. Rd3 Rd4 42. Rc3 Kf7 43. Bc5 Rg4+ 44.
Kf3 Rh4 45. Ke2 Bc7 46. Be3 Rc4 47. Rd3 Bf5 48. Rd2 0-1

[Event "Vellmarer Schachtage 5th op  A"]
[Site "Vellmar"]
[Date "2013.07.27"]
[Round "4.28"]
[White "Van der Hoeven, Gerben"]
[Black "Sieber, Fiona"]
[Result "0-1"]
[WhiteElo "1962"]
[BlackElo "1868"]
[PlyCount "58"]
[EventDate "2013.07.25"]
[EventType "swiss"]
[EventRounds "7"]
[EventCountry "GER"]

{DWZ --- DWZ 1890} 1. e4 c5 2. c3 Nf6 3. e5 Nd5 4. d4 cxd4 5. cxd4 d6 6. exd6
Qxd6 7. Nc3 Nxc3 8. bxc3 g6 9. Bd3 Qc6 10. Bf1 Qxc3+ 11. Bd2 Qa3 12. Rc1 Bd7
13. Rc4 Na6 14. Qb1 Bg7 15. Rc3 Qd6 16. Qxb7 Rb8 17. Qxa6 Rb1+ 18. Bc1 Rxc1+
19. Rxc1 Qb4+ 20. Kd1 Ba4+ 21. Rc2 Qb1+ 22. Kd2 Qxc2+ 23. Ke3 Qc1+ 24. Kf3 Bc6+
25. Ke2 Qb2+ 26. Kd1 Qb1+ 27. Kd2 Bh6+ 28. Kc3 Qc1+ 29. Kb3 O-O 0-1

[Event "Vellmarer Schachtage 5th op  A"]
[Site "Vellmar"]
[Date "2013.07.27"]
[Round "4.31"]
[White "Lechnauer, Uwe"]
[Black "Bethke, Richard"]
[Result "1-0"]
[WhiteElo "1883"]
[BlackElo "1616"]
[PlyCount "139"]
[EventDate "2013.07.25"]
[EventType "swiss"]
[EventRounds "7"]
[EventCountry "GER"]

{DWZ 1757 DWZ 1370} 1. e4 e5 2. Nf3 Nf6 3. Bc4 Bc5 4. Nc3 d6 5. d3 Nc6 6. Bg5
Be6 7. Bb5 a6 8. Ba4 h6 9. Bxf6 Qxf6 10. Nd5 Qd8 11. d4 Bxd4 12. Nxd4 exd4 13.
Qxd4 O-O 14. Bxc6 bxc6 15. Nf4 Qg5 16. g3 Rab8 17. O-O Qb5 18. Nxe6 fxe6 19. a4
Qxb2 20. Qc4 c5 21. Rab1 Qxb1 22. Qxe6+ Kh8 23. Rxb1 Rxb1+ $11 24. Kg2 Rb4 25.
Qe7 Rf6 26. e5 dxe5 27. Qxe5 c4 28. a5 c6 29. Qc7 Ra4 30. Qc8+ Kh7 31. Qxa6 Rf5
32. Qxc6 Rfxa5 $11 33. Qe4+ Kh8 34. c3 h5 35. h4 Kg8 36. Kh3 Kf7 37. f3 g6 38.
g4 Kf6 39. g5+ Kf7 $11 40. Qb7+ Ke6 41. Qc6+ Kf7 42. Qf6+ Kg8 43. Qxg6+ Kf8 44.
Qf6+ Ke8 45. g6 Kd7 46. g7 Ra8 47. Qf7+ Kd6 48. g8=Q Rxg8 49. Qxg8 Kc5 50. Qg5+
Kb6 51. Qxh5 Ra3 52. Qh6+ Kb5 53. Qg5+ Ka4 54. Qe5 Kb3 55. Qd4 Ra1 56. Qb6+
Kxc3 57. Qf6+ Kc2 58. Qxa1 c3 59. h5 Kd2 60. h6 c2 61. h7 c1=Q 62. Qxc1+ Kxc1
63. h8=Q Kd2 64. Qd4+ Ke2 65. Qc3 Kf2 66. f4 Ke2 67. Kg3 Kf1 68. Qc2 Ke1 69.
Kf3 Kf1 70. Qf2# 1-0

[Event "Vellmarer Schachtage 5th op  A"]
[Site "Vellmar"]
[Date "2013.07.27"]
[Round "5.2"]
[White "Langheinrich, Ferenc"]
[Black "Piankov, Evgenij"]
[Result "1-0"]
[WhiteElo "2434"]
[BlackElo "2264"]
[PlyCount "75"]
[EventDate "2013.07.25"]
[EventType "swiss"]
[EventRounds "7"]
[EventCountry "GER"]

{DWZ 2342 DWZ ----} 1. Nf3 d5 2. g3 c6 3. Bg2 g6 4. O-O Bg7 5. d4 Nf6 6. b3 O-O
7. c4 Ne4 8. Bb2 Nd7 9. Nbd2 Nxd2 10. Qxd2 a5 11. cxd5 cxd5 12. Rfc1 Qb6 13.
Ne5 Nxe5 14. dxe5 e6 15. Bd4 Qd8 16. Rc5 Bd7 17. e4 Bc6 18. exd5 exd5 19. f4
Re8 20. Rf1 Bf8 21. Rc2 Bb4 22. Qd1 Bb5 23. Rff2 Bd7 24. g4 Bc6 25. f5 Qh4 26.
a4 Bf8 27. h3 Bg7 28. Rce2 Rac8 29. e6 Bxd4 30. Qxd4 fxe6 31. fxe6 Re7 32. Rf7
Rxf7 33. exf7+ Kf8 34. Bxd5 Bxd5 35. Qxd5 Kg7 36. Qxb7 Kh6 37. Qxc8 Qg3+ 38.
Kf1 1-0

[Event "Vellmarer Schachtage 5th op  A"]
[Site "Vellmar"]
[Date "2013.07.27"]
[Round "5.4"]
[White "Angskog, Kent"]
[Black "Blom, Vincent"]
[Result "1-0"]
[WhiteElo "2219"]
[BlackElo "2167"]
[PlyCount "124"]
[EventDate "2013.07.25"]
[EventType "swiss"]
[EventRounds "7"]
[EventCountry "GER"]

1. Nf3 g6 2. e4 Bg7 3. d4 d6 4. Be2 Nf6 5. Nc3 c6 6. a4 O-O 7. O-O a5 8. h3 Na6
9. Be3 Qc7 10. Qd2 Rd8 11. Rad1 d5 12. exd5 Nxd5 13. Nxd5 cxd5 14. c3 Bd7 15.
Ra1 b6 16. Rfe1 e6 17. Bh6 Qb7 18. Ne5 Be8 19. Bxg7 Kxg7 20. Ng4 Qe7 21. Qh6+
Kg8 22. Bxa6 Rxa6 23. Re3 f5 24. Ne5 Qg7 25. Qg5 Rd6 26. Nf3 h6 27. Qf4 b5 28.
axb5 g5 29. Qe5 Bxb5 30. Rxa5 Qxe5 31. dxe5 Rxa5 32. exd6 Kf7 33. Nd4 Bd7 34.
Nxf5 exf5 35. Re7+ Kf6 36. Rxd7 Ke6 37. Rh7 Kxd6 38. Rxh6+ Ke5 39. Rg6 Ra1+ 40.
Kh2 Kf4 41. g3+ Ke4 42. Kg2 Rb1 43. Re6+ Kd3 44. Re5 Kc4 45. Rxf5 Rxb2 46. Rf3
Rb3 47. h4 g4 48. Re3 Ra3 49. h5 Rb3 50. h6 Rb6 51. h7 Rh6 52. f3 gxf3+ 53.
Rxf3 Rxh7 54. g4 Kc5 55. g5 Kc6 56. Kg3 Kd7 57. g6 Rh1 58. Kg4 Rh2 59. Rf7+ Ke8
60. Rh7 Rf2 61. Kh5 Kf8 62. Rh8+ Kg7 {Notation unklar} 1-0

[Event "Vellmarer Schachtage 5th op  A"]
[Site "Vellmar"]
[Date "2013.07.27"]
[Round "5.5"]
[White "Van der Auweraert, Elwin"]
[Black "Cherny, Andrey"]
[Result "1-0"]
[WhiteElo "2154"]
[BlackElo "2197"]
[PlyCount "135"]
[EventDate "2013.07.25"]
[EventType "swiss"]
[EventRounds "7"]
[EventCountry "GER"]

{DWZ ---- DWZ 2138} 1. e4 b6 2. d4 Bb7 3. Nc3 e6 4. Nf3 Bb4 5. Bd3 Nf6 6. Bg5
h6 7. Bxf6 Bxc3+ 8. bxc3 Qxf6 9. Qe2 d6 10. Qe3 Nd7 11. O-O Qe7 12. Nd2 O-O 13.
f4 e5 14. Rae1 Rae8 15. Qg3 Nf6 16. fxe5 dxe5 17. Rf5 exd4 18. cxd4 Bc8 19. Rf2
Nh5 20. Qf3 Qg5 21. e5 f5 22. Be2 g6 23. Bc4+ Kh7 24. Qc6 Qe7 25. Nf3 Ng7 26.
Qb5 Bd7 27. Qb3 c6 28. c3 b5 29. Bd3 Be6 30. Qc2 Qf7 31. Ref1 Bc4 32. Bxc4 Qxc4
33. Nd2 Qg8 34. Nb3 Ne6 35. Na5 Rc8 36. Nb7 Ng5 37. Nd6 Rcd8 38. h4 Nf7 39. Nb7
Rb8 40. Nc5 Rbe8 41. Nd7 Kh8 42. g4 Nd8 43. Nxf8 Rxf8 44. gxf5 gxf5+ 45. Rg2
Qh7 46. Qe2 Ne6 47. Qf3 f4 48. Kh1 b4 49. Rfg1 Qf5 50. Rg6 Kh7 51. Rf6 Rxf6 52.
exf6 Qxf6 53. Qe4+ Kh8 54. Qe5 Qxe5 55. dxe5 bxc3 56. Rc1 Kg7 57. Rxc3 c5 58.
h5 Kf7 59. Ra3 Nd4 60. Ra6 Ke7 61. Rxh6 Nf5 62. Rc6 Ng3+ 63. Kg2 Nxh5 64. Kf3
Kd7 65. Rxc5 Ng7 66. Ra5 Ne6 67. Rxa7+ Kc6 68. Ra5 1-0

[Event "Vellmarer Schachtage 5th op  A"]
[Site "Vellmar"]
[Date "2013.07.27"]
[Round "5.6"]
[White "Halt, David"]
[Black "Pogan, Nikolas"]
[Result "0-1"]
[WhiteElo "2099"]
[BlackElo "2284"]
[PlyCount "113"]
[EventDate "2013.07.25"]
[EventType "swiss"]
[EventRounds "7"]
[EventCountry "GER"]

{DWZ 2047 DWZ 2262} 1. e4 d6 2. d4 Nf6 3. Nc3 e5 4. Nf3 Nbd7 5. Bc4 Be7 6. O-O
O-O 7. h3 a6 8. a4 b6 9. Re1 Bb7 10. Nd5 Nxd5 11. Bxd5 c6 12. Ba2 Kh8 13. Be3
f5 14. exf5 e4 15. Nd2 d5 16. f3 c5 17. fxe4 dxe4 18. d5 Nf6 19. c4 Qd7 20. Rf1
$11 b5 21. b3 Bd6 22. Kh1 Qe8 23. g4 Qe5 24. Bf4 Qc3 25. Bxd6 Qxh3+ 26. Kg1
Nxg4 27. Qe2 Rf6 28. Nxe4 Re8 29. Nf2 Rxe2 30. Nxh3 Rxd6 31. Rfe1 Rxe1+ 32.
Rxe1 Nf6 33. Ng5 Kg8 34. Re7 Rd7 35. Rxd7 Nxd7 36. axb5 axb5 37. Kf2 Ne5 38.
Ne6 bxc4 39. bxc4 Ba6 40. Ke3 Bxc4 41. Bxc4 Nxc4+ 42. Ke4 Nd6+ 43. Ke5 Nf7+ 44.
Ke4 c4 45. Nf4 c3 46. Kd3 Nd6 47. Kxc3 Nxf5 48. Kd3 Kf7 49. Ke4 Nd6+ 50. Ke5
Ke7 51. Ne6 g6 52. Nf4 Nf7+ 53. Kd4 Kf6 54. Kc5 Kf5 55. Nd3 Ke4 56. Nf2+ Kf3
57. Nd3 0-1

[Event "Vellmarer Schachtage 5th op  A"]
[Site "Vellmar"]
[Date "2013.07.27"]
[Round "5.7"]
[White "Meyner, Hannes"]
[Black "Schnegelsberg, Karl-Heinz"]
[Result "1-0"]
[WhiteElo "2251"]
[BlackElo "2004"]
[PlyCount "91"]
[EventDate "2013.07.25"]
[EventType "swiss"]
[EventRounds "7"]
[EventCountry "GER"]

{DWZ 2189 DWZ 1855} 1. d4 Nf6 2. c4 g6 3. Nc3 d5 4. cxd5 Nxd5 5. e4 Nxc3 6.
bxc3 Bg7 7. Nf3 c5 8. Rb1 O-O 9. Be2 Nc6 10. d5 Ne5 11. Nxe5 Bxe5 12. Qd2 e6
13. f4 Bc7 14. O-O exd5 15. exd5 Ba5 16. Rb5 b6 17. Rxa5 bxa5 18. c4 Rb8 19.
Bb2 f6 20. Bd3 Qe7 21. Rf2 Bd7 22. f5 Rxb2 23. Qxb2 Qe1+ 24. Bf1 Bxf5 25. Qa3
Qb4 26. Qe3 Qb6 27. h3 Qd6 28. Rb2 Bd7 29. Rb7 Re8 30. Qh6 a6 31. Qh4 Kg7 32.
Qf2 Re7 33. Qb2 Qf4 34. Qc3 Kh6 35. g3 Qd6 36. Kh2 Kg7 37. Qxa5 Re3 38. Qc7
Qxc7 39. Rxc7 Re7 40. d6 Rf7 41. Rxc5 Be6 42. Ra5 Rb7 43. Rxa6 Rb2+ 44. Kg1 Rb1
45. Ra7+ Kh6 46. Kf2 1-0

[Event "Vellmarer Schachtage 5th op  A"]
[Site "Vellmar"]
[Date "2013.07.27"]
[Round "5.8"]
[White "Doeserich, Juergen"]
[Black "Jellema, Yme Jan"]
[Result "1/2-1/2"]
[WhiteElo "2092"]
[BlackElo "2217"]
[PlyCount "124"]
[EventDate "2013.07.25"]
[EventType "swiss"]
[EventRounds "7"]
[EventCountry "GER"]

{DWZ 2023 DWZ} 1. d4 Nf6 2. c4 g6 3. Nc3 d5 4. cxd5 Nxd5 5. e4 Nxc3 6. bxc3 Bg7
7. Nf3 O-O 8. Rb1 c5 9. Be2 Nc6 10. d5 Ne5 11. Nxe5 Bxe5 12. Qd2 e6 13. f4 Bg7
14. O-O exd5 15. exd5 Qa5 16. Rb3 c4 17. Rb4 b5 18. Kh1 Rd8 19. a4 a6 20. axb5
axb5 21. Qb2 Bd7 22. f5 Re8 23. f6 Bf8 24. Bf3 Qa1 25. d6 Ra2 26. Qxa1 Rxa1 27.
Rb2 Bxd6 28. Rd2 Ra6 29. h3 Bf5 30. Rd5 Bd3 31. Rd1 Bg3 32. Rg5 Bh4 33. Rxb5
Bxf6 34. Bd2 Ra3 35. Rb7 Rd8 36. Bh6 Rb3 37. Rc7 Bg7 38. Bg5 Rdb8 39. Bd5 Rb1
40. Bc1 Rf8 41. Bxc4 Bxc4 42. Rxc4 Bh6 43. Bxh6 Rxd1+ 44. Kh2 Re8 45. h4 Rd7
46. Kh3 f5 47. Bg5 Kf7 48. Rc6 Re6 49. Rc8 Re2 50. Rc6 Rd3+ 51. Kh2 Rd7 52. Kh3
Rc2 53. Rf6+ Kg8 54. Rc6 h6 55. Bf6 Kf7 56. Be5 Re2 57. Bd4 Re6 58. Rc8 g5 59.
hxg5 hxg5 60. Rh8 Re4 61. Kg3 Re1 62. Rh7+ Ke6 {Zeitnot Notation nicht lesbar}
1/2-1/2

[Event "Vellmarer Schachtage 5th op  A"]
[Site "Vellmar"]
[Date "2013.07.27"]
[Round "5.9"]
[White "Heinelt, Manfred"]
[Black "Humburg, Philipp"]
[Result "1/2-1/2"]
[WhiteElo "2211"]
[BlackElo "2054"]
[PlyCount "80"]
[EventDate "2013.07.25"]
[EventType "swiss"]
[EventRounds "7"]
[EventCountry "GER"]

{DWZ 2088 DWZ 2071} 1. c4 g6 2. Nc3 Bg7 3. d4 d6 4. e4 Nf6 5. f3 O-O 6. Be3 a6
7. Bd3 Nbd7 8. Nge2 c5 9. Qd2 b6 10. O-O Bb7 11. b3 cxd4 12. Nxd4 e6 13. Rac1
d5 14. cxd5 exd5 15. exd5 Nxd5 16. Nxd5 Bxd5 17. Rfd1 Ne5 18. Be2 Bb7 19. Qb4
a5 20. Qa3 Qe8 21. Bf2 Rc8 22. Bb5 Rxc1 23. Qxc1 Qe7 24. Re1 Rc8 25. Qe3 Qb4
26. Rc1 Rxc1+ 27. Qxc1 Nxf3+ 28. Nxf3 Qxb5 29. Qe3 Qd7 30. Qxb6 Qd1+ 31. Ne1
Qd5 32. Qc5 Qd2 33. Qe3 Bc3 34. Qxd2 Bxd2 35. Nc2 Be4 36. Na3 Bc3 37. Bb6 f5
38. Nc4 Bb1 39. a3 Ba2 40. Nxa5 Bxa5 1/2-1/2

[Event "Vellmarer Schachtage 5th op  A"]
[Site "Vellmar"]
[Date "2013.07.27"]
[Round "5.10"]
[White "Kiesel, Harald"]
[Black "Stabernack, Joschi"]
[Result "1/2-1/2"]
[WhiteElo "2140"]
[BlackElo "2041"]
[PlyCount "85"]
[EventDate "2013.07.25"]
[EventType "swiss"]
[EventRounds "7"]
[EventCountry "GER"]

{DWZ 2064 DWZ 1986} 1. e4 e5 2. Nf3 Nf6 3. Nxe5 Nxe4 4. Qe2 Qe7 5. Qxe4 d6 6.
d4 dxe5 7. dxe5 Nc6 8. Bf4 g5 9. Bd2 h6 10. Bb5 Bd7 11. Nc3 Qb4 12. Qxb4 Bxb4
13. O-O-O O-O-O 14. h4 g4 15. Rhe1 Rde8 16. Bf4 a6 17. Bc4 Be6 18. Bxe6+ Rxe6
19. Re3 Bxc3 20. bxc3 Na5 21. Red3 Nc4 22. Rd5 b5 23. R1d3 Rhe8 24. f3 gxf3 25.
Rxf3 Rd8 26. Rd4 Rd7 27. g4 f6 28. Bxh6 Rxe5 29. Rfd3 Rh7 30. g5 fxg5 31. hxg5
Nd6 32. Bf8 Rh1+ 33. Rd1 Rxd1+ 34. Rxd1 Rxg5 35. Bxd6 cxd6 36. Rxd6 Kb7 37. Kb2
Rg2 38. Kb3 Rh2 39. Rg6 Rf2 40. Rd6 Rh2 $11 41. Rf6 Rg2 42. Rf4 a5 43. Rf7+
1/2-1/2